=LDR 00000nam 2200000 4500 =001 INLIS000000000048323 =005 20161021101155.0 =006 =007 =008 =020 ##$$a 978-602-235-911-1 =035 ##$$0010-101600000000081 =040 ##$$a NBPDMAT =082 ##$$a 351.077 =090 ##$$a R.351.077 $bInd p =100 ##$$a INDONESIA. Kementerian Kesehatan RI =245 ##$$a Profil Kesehatan Indonesia Tahun 2014 $c Kementerian Kesehatan RI =260 ##$$a Jakarta $b Kementerian Kesehatan RI $c 2015 =300 ##$$a xxxvii, 287 hlm $b ilus $c 29 cm =500 ##$$a Biblliografi hlm : 185 - 187 =650 ##$$a Statistik Kesehatan =850 ##$$a NBPDMAT =990 ##$$a 31600003